Výskum konjunktúry a prognózy zahraničných trhov

Salvato in:
Dettagli Bibliografici
Autore principale: Ždímalová, Elena
Ente Autore: Vysoká škola ekonomická v Bratislave. Obchodná fakulta
Natura: Libro
Lingua:slovacco
Pubblicazione: Bratislava VŠE 1980
Tags: Aggiungi Tag
Nessun Tag, puoi essere il primo ad aggiungerne!!

MARC

LEADER 00000nam a2200000 4500
001 c141907
005 20221220102942.3
041 0 |a slo 
044 |a SK 
245 1 0 |a Výskum konjunktúry a prognózy zahraničných trhov  |c Elena Ždímalová 
264 1 |a Bratislava  |b VŠE  |c 1980 
300 |a 138 s. 
100 1 |a Ždímalová, Elena 
710 2 |a Vysoká škola ekonomická v Bratislave. Obchodná fakulta